[Event "World Rapid Women 2021"]
[Site "Warsaw POL"]
[Date "2021.12.28"]
[Round "10.2"]
[White "Lagno, Kateryna"]
[Black "Abdumalik, Zhansaya"]
[Result "1-0"]
[WhiteTitle "GM"]
[BlackTitle "GM"]
[WhiteElo "2550"]
[BlackElo "2491"]
[WhiteFideId "14109336"]
[BlackFideId "13703544"]
[EventDate "2021.12.26"]

1. e4 e5 2. Nf3 Nc6 3. Bc4 Nf6 4. d4 exd4 5. e5 d5 6. Bb5 Ne4 7. Nxd4 Bc5 8. Be3
Bd7 9. Bxc6 Bxc6 10. O-O O-O 11. Nd2 Bxd4 12. Bxd4 Qh4 13. f3 Nxd2 14. Qxd2 Bb5
15. Rf2 b6 16. Be3 Qd8 17. Rd1 Bc6 18. f4 Bb7 19. f5 f6 20. exf6 gxf6 21. Bh6
Rf7 22. c3 c5 23. Re2 Kh8 24. Qf4 Qd7 25. h3 Rg8 26. Kh2 d4 27. cxd4 Qd5 28.
Rdd2 cxd4 29. Qxd4 Qxf5 30. Rf2 Qe4 31. Qxe4 Bxe4 32. g4 f5 33. Rde2 Bb1 34. Re5
f4 35. Rxf4 Bxa2 36. Rxf7 Bxf7 37. Re7 Bg6 38. Rxa7 Re8 39. Rb7 Re6 40. Kg3 Be8
41. Bd2 Kg8 42. Bc3 h5 43. gxh5 Bxh5 44. Bd4 Re4 45. Bxb6 Rb4 46. Rb8+ Kf7 47.
Bc7 Rxb8 48. Bxb8 Be2 49. Kf4 Bf1 50. h4 Kf6 51. Be5+ Kg6 52. Bc3 Kh5 53. Be1
Kg6 54. Ke5 Kf7 55. Kd6 Be2 56. Bd2 Kf6 57. b4 Kf5 58. Kc5 Ke6 59. Be3 Kd7 60.
Kd5 Ke7 61. Ke5 Kf7 62. Kf5 Bd3+ 63. Kg5 Kg7 64. h5 Be2 65. h6+ Kh7 66. Kf6 Bd3
67. Ke7 Bc4 68. Kd6 Bd3 69. Kc5 1-0

[Event "World Rapid Women 2021"]
[Site "Warsaw POL"]
[Date "2021.12.28"]
[Round "10.3"]
[White "Dzagnidze, Nana"]
[Black "Muzychuk, Mariya"]
[Result "1-0"]
[WhiteTitle "GM"]
[BlackTitle "GM"]
[WhiteElo "2531"]
[BlackElo "2539"]
[WhiteFideId "13601903"]
[BlackFideId "14114550"]
[EventDate "2021.12.26"]

1. d4 Nf6 2. c4 e6 3. Nc3 Bb4 4. e3 O-O 5. Bd3 c5 6. Nf3 d5 7. O-O dxc4 8. Bxc4
Nc6 9. a3 Ba5 10. h3 h6 11. Ba2 cxd4 12. exd4 Bb6 13. Be3 Nd5 14. Qd3 Nxe3 15.
fxe3 Bd7 16. Rad1 Ne7 17. Ne5 Bc7 18. Bb1 f5 19. Ba2 Rc8 20. Ne2 Nc6 21. Nf4
Bxe5 22. dxe5 Nxe5 23. Qd4 Qa5 24. Nxe6 Bxe6 25. Bxe6+ Kh8 26. Bxc8 Rxc8 27. Rf3
f4 28. Rxf4 Re8 29. Rf5 Kh7 30. Rdf1 Re7 31. Qf4 Qc7 32. Rf7 Qd6 33. Rf8 Qd2 34.
Qd4 Qe2 35. R8f2 Qh5 36. Qe4+ Ng6 37. Qd3 Qg5 38. Rf3 a6 39. Qf5 Qh4 40. Rf4 Qg3
41. R4f3 Qd6 42. Qc2 Rc7 43. Qd1 Qe5 44. Qd4 Qe6 45. Qg4 Qe5 46. Qd4 Qe6 47. Rf5
Rd7 48. Qc3 Re7 49. Kh1 Nh4 50. R5f4 Ng6 51. R4f3 Qd5 52. Qd4 Qe6 53. Rd1 Rc7
54. Qd5 Qb6 55. b4 Rc2 56. Qe4 Qc7 57. Rf7 Qc3 58. Rdd7 Qa1+ 59. Kh2 Qe5+ 60.
Qxe5 Nxe5 61. Rxg7+ Kh8 62. Rxb7 Nf3+ 63. Kg3 Ne1 64. Rh7+ Kg8 65. Rhd7 Rxg2+
66. Kf4 Rf2+ 67. Ke4 1-0

[Event "World Rapid Women 2021"]
[Site "Warsaw POL"]
[Date "2021.12.28"]
[Round "10.4"]
[White "Shuvalova, Polina"]
[Black "Gunina, Valentina"]
[Result "0-1"]
[WhiteTitle "IM"]
[BlackTitle "GM"]
[WhiteElo "2516"]
[BlackElo "2471"]
[WhiteFideId "24171760"]
[BlackFideId "4167570"]
[EventDate "2021.12.26"]

1. e4 c6 2. d4 d5 3. exd5 cxd5 4. Bd3 Nc6 5. c3 Qc7 6. Ne2 Bg4 7. O-O e6 8. Qe1
Bd6 9. f3 Bh5 10. Qh4 Bg6 11. Bxg6 fxg6 12. Nf4 Kf7 13. Re1 Re8 14. Nd3 Nge7 15.
Bf4 Nf5 16. Bxd6 Qxd6 17. Qf4 Qd8 18. Na3 Rhf8 19. Qd2 Kg8 20. Nc2 g5 21. Re2
Nh4 22. Kh1 Qf6 23. Ne3 h5 24. Rae1 Re7 25. b4 Ng6 26. Nf1 a6 27. a4 Nf4 28. Re3
Qh6 29. a5 Nd8 30. g3 Nh3 31. Qe2 g4 32. Nd2 Ref7 33. Kg2 Rf6 34. Ne5 Rf5 35.
Nd7 R8f7 36. Ne5 R7f6 37. Rf1 Nf7 38. Nxf7 Kxf7 39. Re1 h4 40. c4 hxg3 41. hxg3
Rh5 42. Nf1 gxf3+ 43. Rxf3 Rxf3 44. Qxf3+ Rf5 45. Qg4 Rf2+ 46. Kh1 Rf4 47. Qxe6+
Qxe6 48. Rxe6 Rxf1+ 49. Kg2 Rf2+ 0-1

[Event "World Rapid Women 2021"]
[Site "Warsaw POL"]
[Date "2021.12.28"]
[Round "10.5"]
[White "Stefanova, Antoaneta"]
[Black "Koneru, Humpy"]
[Result "1/2-1/2"]
[WhiteTitle "GM"]
[BlackTitle "GM"]
[WhiteElo "2469"]
[BlackElo "2586"]
[WhiteFideId "2902257"]
[BlackFideId "5008123"]
[EventDate "2021.12.26"]

1. Nf3 Nf6 2. g3 d5 3. Bg2 c5 4. O-O Nc6 5. d4 e6 6. c4 dxc4 7. dxc5 Qxd1 8.
Rxd1 Bxc5 9. Nbd2 c3 10. bxc3 O-O 11. Nb3 Be7 12. c4 Bd7 13. Bb2 Rfc8 14. Rac1
Be8 15. Nfd4 a6 16. Nxc6 Bxc6 17. Bxc6 bxc6 18. Be5 c5 19. Na5 Ra7 20. Rb1 Nd7
21. Bd6 Kf8 22. f4 Ke8 23. e4 Bd8 24. Nb3 f6 25. e5 Rb7 26. Nd2 Rxb1 27. Rxb1
fxe5 28. fxe5 Bc7 29. Rb7 Bxd6 30. exd6 Rc6 31. Ne4 Kd8 32. Ra7 Nf6 33. Ng5 Kc8
34. Nxe6 Rxd6 35. Nxc5 Rc6 36. Nxa6 Rxc4 37. Rxg7 h5 38. a3 Ng4 39. h3 Rc1+ 40.
Kg2 Rc2+ 41. Kf3 Rc3+ 42. Ke2 Nf6 43. Nb4 Rxa3 44. Rg6 Ne4 45. Nd3 Kd7 46. g4
hxg4 47. Rxg4 Nf6 48. Rg7+ Ke6 49. Rg5 Kf7 50. Ne5+ Ke6 51. Nf3 Nd7 52. h4 Nf6
53. Re5+ Kf7 54. h5 Ra2+ 55. Kf1 Ra1+ 56. Kg2 Ra2+ 57. Kg3 Ra3 58. Rb5 Kg7 59.
Rb7+ Kh6 60. Rb6 Kg7 61. h6+ Kg6 62. h7 Ra8 63. Nh4+ Kf7 64. Rb7+ Ke6 65. Nf3
Kf5 66. Nh4+ Ke6 67. Ng6 Nxh7 68. Nf4+ Kf5 69. Rf7+ Nf6 70. Nd5 Ke6 71. Rxf6+
Ke5 1/2-1/2

[Event "World Rapid Women 2021"]
[Site "Warsaw POL"]
[Date "2021.12.28"]
[Round "10.6"]
[White "Goryachkina, Aleksandra"]
[Black "Vaishali, R"]
[Result "1/2-1/2"]
[WhiteTitle "GM"]
[BlackTitle "IM"]
[WhiteElo "2610"]
[BlackElo "2401"]
[WhiteFideId "4147103"]
[BlackFideId "5091756"]
[EventDate "2021.12.26"]

1. d4 Nf6 2. c4 g6 3. Nc3 d5 4. cxd5 Nxd5 5. e4 Nxc3 6. bxc3 Bg7 7. Nf3 c5 8.
Bb5+ Nc6 9. O-O O-O 10. Bxc6 bxc6 11. Qc2 Qa5 12. a4 cxd4 13. cxd4 Bg4 14. Ne5
Bxe5 15. dxe5 Qxe5 16. Bb2 Qa5 17. h3 Be6 18. Ba3 c5 19. Qxc5 Qxc5 20. Bxc5 Rfe8
21. Rfb1 Bc8 22. a5 Ba6 23. Rb4 Kf8 24. Rd1 Rec8 25. Be3 Ke8 26. h4 f6 27. Rd5
Rc7 28. Rc5 Rac8 29. Rxc7 Rxc7 30. Rb8+ Rc8 31. Rxc8+ Bxc8 32. Bxa7 e5 33. f3 h5
34. Kf2 Ke7 35. Ke3 Kd6 36. Bb6 f5 37. Ba7 fxe4 38. Kxe4 Bb7+ 39. Kd3 Kd5 40.
Bb8 Ba6+ 41. Ke3 Bc8 42. f4 exf4+ 43. Kxf4 Kc6 44. Kg5 Bf5 45. Be5 1/2-1/2

[Event "World Rapid Women 2021"]
[Site "Warsaw POL"]
[Date "2021.12.28"]
[Round "10.7"]
[White "Balajayeva, Khanim"]
[Black "Muzychuk, Anna"]
[Result "1/2-1/2"]
[WhiteTitle "WGM"]
[BlackTitle "GM"]
[WhiteElo "2376"]
[BlackElo "2531"]
[WhiteFideId "13406396"]
[BlackFideId "14111330"]
[EventDate "2021.12.26"]

1. e4 e5 2. Nf3 Nc6 3. Bc4 Nf6 4. d3 Bc5 5. Nc3 h6 6. Be3 Bxe3 7. fxe3 d6 8. a4
O-O 9. O-O Be6 10. Bxe6 fxe6 11. d4 Qe8 12. Qe2 Qh5 13. h3 Rae8 14. Qb5 exd4 15.
exd4 Rb8 16. Qc4 d5 17. exd5 exd5 18. Qc5 Rbe8 19. Rae1 Rxe1 20. Rxe1 Qf5 21.
Ne5 Qxc2 22. Nxc6 bxc6 23. Nxd5 Qxc5 24. Nxf6+ Rxf6 25. dxc5 Kf7 1/2-1/2

[Event "World Rapid Women 2021"]
[Site "Warsaw POL"]
[Date "2021.12.28"]
[Round "10.8"]
[White "Mammadova, Gulnar"]
[Black "Kamalidenova, Meruert"]
[Result "1-0"]
[WhiteTitle "IM"]
[BlackTitle "WIM"]
[WhiteElo "2387"]
[BlackElo "2351"]
[WhiteFideId "13403508"]
[BlackFideId "13712802"]
[EventDate "2021.12.26"]

1. e4 c5 2. Nf3 d6 3. Bb5+ Bd7 4. c4 Nf6 5. Nc3 g6 6. d4 cxd4 7. Nxd4 Bg7 8. O-O
O-O 9. h3 a6 10. Bxd7 Nbxd7 11. b3 Qa5 12. Bb2 Rfc8 13. Qe2 b5 14. cxb5 Rxc3 15.
Qe1 Rac8 16. Rc1 Nxe4 17. Bxc3 Nxc3 18. Nc6 Rxc6 19. bxc6 Nb6 20. Qxe7 Be5 21.
c7 Kg7 22. Rfe1 Qa3 23. Rc2 Bf6 24. Qe3 Ncd5 25. Qd2 Ne7 26. Rxe7 Bxe7 27. Qd4+ 1-0

[Event "World Rapid Women 2021"]
[Site "Warsaw POL"]
[Date "2021.12.28"]
[Round "10.9"]
[White "Pourkashiyan, Atousa"]
[Black "Serikbay, Assel"]
[Result "0-1"]
[WhiteTitle "WGM"]
[BlackTitle "WIM"]
[WhiteElo "2322"]
[BlackElo "2263"]
[WhiteFideId "12502014"]
[BlackFideId "13706799"]
[EventDate "2021.12.26"]

1. e4 c5 2. Nf3 e6 3. d4 cxd4 4. Nxd4 Nc6 5. Nc3 a6 6. Nxc6 bxc6 7. Bd3 d5 8.
O-O Nf6 9. Qe2 Be7 10. b3 O-O 11. Bb2 c5 12. Rad1 Bb7 13. f4 c4 14. bxc4 Qb6+
15. Kh1 Qxb2 16. Nxd5 exd5 17. exd5 Qa3 18. Rf3 Qc5 19. Rh3 h6 20. g4 Rae8 21.
g5 Nxd5 22. Qe4 Nxf4 23. Qxb7 Nxh3 24. gxh6 Nf2+ 25. Kg2 Qg5+ 26. Kxf2 Bc5+ 27.
Kf3 Re3+ 0-1

[Event "World Rapid Women 2021"]
[Site "Warsaw POL"]
[Date "2021.12.28"]
[Round "10.10"]
[White "Osmak, Yuliia"]
[Black "Atalik, Ekaterina"]
[Result "1-0"]
[WhiteTitle "IM"]
[BlackTitle "IM"]
[WhiteElo "2419"]
[BlackElo "2420"]
[WhiteFideId "14101602"]
[BlackFideId "4130189"]
[EventDate "2021.12.26"]

1. c4 c6 2. d4 d5 3. cxd5 cxd5 4. Nc3 Nc6 5. e4 dxe4 6. d5 Nb8 7. Qa4+ Nd7 8.
Qxe4 Ngf6 9. Qd4 g6 10. Bc4 Bg7 11. Nge2 O-O 12. Bb3 Nb6 13. Qd1 Bg4 14. f3 Bd7
15. O-O Nc8 16. Bf4 Nd6 17. Re1 Rc8 18. Nd4 Nh5 19. Be5 Bxe5 20. Rxe5 Ng7 21.
Kh1 Ngf5 22. Qd3 Nxd4 23. Qxd4 b6 24. Rae1 Re8 25. Qh4 f6 26. R5e2 Kg7 27. Qf4
Nb5 28. Ne4 Qc7 29. Qh4 Nd6 30. Nc3 Nf5 31. Qf2 Qd8 32. Ne4 Nd6 33. Nc3 Rc5 34.
h4 Nf5 35. g4 Nd6 36. Kg2 Bb5 37. Re6 Bc4 38. Qe3 Bxb3 39. Rxe7+ Rxe7 40. Qxe7+
Qxe7 41. Rxe7+ Kf8 42. Rd7 Bxd5 43. Rxd6 Bf7 44. Rxf6 Ke7 45. Rf4 b5 46. Kg3 a5
47. a3 Bb3 48. Rd4 Be6 49. Kf4 h6 50. Ke3 h5 51. Kf4 hxg4 52. fxg4 Bc4 53. Ne4
Rc8 54. Nd6 Rf8+ 55. Ke5 Be2 56. Re4 Bf1 57. b4 a4 58. Re3 Rf2 59. Ne4 Rh2 60.
Ng3 Bc4 61. Kf4+ Kf7 62. Kg5 Rb2 63. Ne4 Ke6 64. Nc5+ Kd5 65. Kxg6 Kd4 66. Rg3
Rb3 67. Nxb3+ axb3 68. Rg1 Bd3+ 69. Kf6 b2 70. g5 b1=Q 71. Rxb1 Bxb1 72. g6 Kc3
73. h5 1-0

[Event "World Rapid Women 2021"]
[Site "Warsaw POL"]
[Date "2021.12.28"]
[Round "10.11"]
[White "Girya, Olga"]
[Black "Pavlidou, Ekaterini"]
[Result "1-0"]
[WhiteTitle "GM"]
[BlackTitle "WIM"]
[WhiteElo "2416"]
[BlackElo "2203"]
[WhiteFideId "4195752"]
[BlackFideId "4213262"]
[EventDate "2021.12.26"]

1. d4 f5 2. Nf3 Nf6 3. g3 g6 4. Bg2 Bg7 5. O-O d6 6. c4 O-O 7. Nc3 Nc6 8. b3 e5
9. dxe5 dxe5 10. Ba3 Re8 11. Qxd8 Nxd8 12. Rad1 Nf7 13. Nb5 e4 14. Nfd4 c6 15.
Nc7 Bd7 16. Nxa8 Rxa8 17. f3 Re8 18. Nc2 Bc8 19. Bb2 exf3 20. exf3 Re2 21. Rf2
Rxf2 22. Kxf2 Ng4+ 23. fxg4 Bxb2 24. gxf5 Bxf5 25. Ne3 Be6 26. Bf3 h5 27. Ng2
Bf6 28. Nf4 Bf5 29. Re1 Ne5 30. Be4 Bxe4 31. Rxe4 Kf7 32. Ke2 b6 33. Nd3 Nd7 34.
Nb4 Nb8 35. h3 a5 36. Nc2 c5 37. Ne3 Nc6 38. Nd5 Bd8 39. g4 hxg4 40. hxg4 g5 41.
Kd3 Nb8 42. Re1 Nd7 43. Ke4 Ke6 44. Rh1 Nf6+ 45. Nxf6 Kxf6 46. Rh6+ Kg7 47. Rd6 1-0

[Event "World Rapid Women 2021"]
[Site "Warsaw POL"]
[Date "2021.12.28"]
[Round "10.12"]
[White "Sliwicka, Alicja"]
[Black "Paehtz, Elisabeth"]
[Result "0-1"]
[WhiteTitle "WIM"]
[BlackTitle "IM"]
[WhiteElo "2289"]
[BlackElo "2507"]
[WhiteFideId "1150677"]
[BlackFideId "4641833"]
[EventDate "2021.12.26"]

1. e4 g6 2. d4 Bg7 3. Nc3 d6 4. g3 Nc6 5. Be3 Nf6 6. h3 e5 7. dxe5 Nxe5 8. f4
Ned7 9. Bg2 Qe7 10. Nge2 Nb6 11. O-O O-O 12. Qd3 Bd7 13. Rae1 Rfe8 14. Bf2 Rad8
15. Nd4 c5 16. Ndb5 Be6 17. Nd5 Bxd5 18. exd5 Qd7 19. c4 a6 20. Nc3 Na4 21. Nd1
b5 22. b3 bxc4 23. Qxc4 Nb6 24. Qd3 Qb5 25. Qd2 a5 26. f5 Qb4 27. Qd3 Nfd7 28.
Be3 a4 29. Kh2 c4 30. bxc4 Nxc4 31. Bf2 Nde5 32. Qc2 Nd2 33. Be3 Ndf3+ 34. Bxf3
Nxf3+ 35. Rxf3 Qxe1 36. fxg6 hxg6 37. Bf2 Qe2 38. Qd3 Qxd3 39. Rxd3 Re2 40. a3
Rc8 41. Kg2 Ra2 42. Kf3 Rb8 43. Ne3 Rb3 44. Rd1 Raxa3 45. Ke2 Rb2+ 46. Kf1 Rc3
47. Ra1 Rxf2+ 48. Kxf2 Rxe3 49. Rxa4 Rd3 50. Ra5 Be5 0-1

[Event "World Rapid Women 2021"]
[Site "Warsaw POL"]
[Date "2021.12.28"]
[Round "10.13"]
[White "Danielian, Elina"]
[Black "Goraj, Barbara"]
[Result "1-0"]
[WhiteTitle "GM"]
[BlackTitle "WCM"]
[WhiteElo "2441"]
[BlackElo "2044"]
[WhiteFideId "13300210"]
[BlackFideId "21816166"]
[EventDate "2021.12.26"]

1. Nf3 Nf6 2. c4 g6 3. Nc3 Bg7 4. d4 d6 5. Bg5 O-O 6. e3 c5 7. d5 h6 8. Bh4 e6
9. Be2 g5 10. Bg3 exd5 11. cxd5 Bf5 12. Nd2 Ne8 13. h4 Nd7 14. hxg5 hxg5 15. e4
Bh7 16. Nc4 Qe7 17. Kf1 Ne5 18. Ne3 f5 19. exf5 Bxf5 20. Nxf5 Rxf5 21. Bg4 Nxg4
22. Qxg4 Qf7 23. Re1 Nc7 24. Ne4 Rf8 25. Kg1 Qxd5 26. Qh5 Ne8 27. Qg6 Nf6 28.
Nxd6 Rxf2 29. Bxf2 Qxd6 30. Qxg5 b6 31. Rh3 Nh7 32. Qh5 Nf6 33. Qg6 Qd2 34. Rg3
Rf7 35. Rf1 Qxb2 36. Be3 Qe5 37. Bh6 Qd4+ 38. Kh1 Qh4+ 39. Rh3 Qc4 40. Rxf6 Re7
41. Rf4 Qc1+ 42. Kh2 Qb2 43. Bxg7 1-0

[Event "World Rapid Women 2021"]
[Site "Warsaw POL"]
[Date "2021.12.28"]
[Round "10.14"]
[White "Gaponenko, Inna"]
[Black "Vantika, Agrawal"]
[Result "1-0"]
[WhiteTitle "IM"]
[BlackTitle "WGM"]
[WhiteElo "2347"]
[BlackElo "2381"]
[WhiteFideId "14101181"]
[BlackFideId "25050389"]
[EventDate "2021.12.26"]

1. e4 c5 2. c3 d6 3. d4 Nf6 4. Bd3 cxd4 5. cxd4 g6 6. Nc3 Bg7 7. Nf3 O-O 8. h3
Nc6 9. O-O e5 10. dxe5 dxe5 11. Bc4 Bd7 12. Be3 b6 13. Rc1 Rc8 14. Qe2 Qe7 15.
Rfd1 Na5 16. Ba6 Rcd8 17. Bg5 Bc6 18. Rxd8 Rxd8 19. b4 Qxb4 20. Nxe5 Ba8 21. Ng4
Nxg4 22. Bxd8 Nxf2 23. Nd5 Bxd5 24. exd5 Bd4 25. Kf1 Kg7 26. Be7 Qa4 27. Bb5 Ne4
28. Bxa4 Ng3+ 29. Ke1 Nxe2 30. Kxe2 a6 31. Be8 b5 32. d6 Nc4 33. Rxc4 bxc4 34.
d7 Bb6 35. d8=Q Bxd8 36. Bxd8 c3 37. Kd3 Kf8 38. Bc6 f5 39. Kxc3 h6 40. Bb7 1-0

[Event "World Rapid Women 2021"]
[Site "Warsaw POL"]
[Date "2021.12.28"]
[Round "10.15"]
[White "Garifullina, Leya"]
[Black "Michna, Marta"]
[Result "0-1"]
[WhiteTitle "WGM"]
[BlackTitle "WGM"]
[WhiteElo "2414"]
[BlackElo "2314"]
[WhiteFideId "34127035"]
[BlackFideId "1106686"]
[EventDate "2021.12.26"]

1. e4 e6 2. d4 d5 3. Nc3 Bb4 4. e5 c5 5. a3 Bxc3+ 6. bxc3 Nc6 7. Qg4 g6 8. a4
Qa5 9. Bd2 c4 10. h4 h6 11. h5 g5 12. f4 f5 13. exf6 Nxf6 14. Qf3 Ne4 15. Ne2
Bd7 16. fxg5 hxg5 17. Qe3 O-O-O 18. Ng3 Nxd2 19. Qxd2 e5 20. dxe5 Rde8 21. Be2
Qc5 22. Rb1 a6 23. Rf1 Rxe5 24. Kd1 Rhe8 25. Rf7 Qg1+ 26. Qe1 Qxg2 27. h6 Nd8
28. Rf1 Re3 29. Rg1 Qh2 30. Rb6 Nc6 31. h7 Qxh7 32. Qf2 Qe7 33. Kd2 Qc5 34.
Rxc6+ bxc6 35. Qh2 Qa3 36. Rb1 Qxc3+ 37. Kd1 Rxg3 38. a5 Rxe2 39. Kxe2 Qxc2+ 40.
Kf1 Qxh2 0-1

[Event "World Rapid Women 2021"]
[Site "Warsaw POL"]
[Date "2021.12.28"]
[Round "10.16"]
[White "Paramzina, Anastasya"]
[Black "Batsiashvili, Nino"]
[Result "0-1"]
[WhiteTitle "WGM"]
[BlackTitle "GM"]
[WhiteElo "2260"]
[BlackElo "2491"]
[WhiteFideId "4165012"]
[BlackFideId "13602993"]
[EventDate "2021.12.26"]

1. e4 e5 2. Nf3 Nc6 3. Bc4 Nf6 4. d3 Bc5 5. O-O a6 6. a4 d6 7. c3 Ba7 8. Re1 h6
9. Nbd2 g5 10. b4 g4 11. Nh4 h5 12. g3 Nh7 13. Nf1 Qf6 14. Be3 Ng5 15. Bxa7 Rxa7
16. Ne3 Ne7 17. Rf1 Ng6 18. Nd5 Qd8 19. Nxg6 fxg6 20. h4 Nf3+ 21. Kg2 c6 22. Ne3
Qf6 23. Ra2 Be6 24. Bxe6 Qxe6 25. Re2 O-O 26. Nc2 a5 27. b5 Qb3 28. Qa1 cxb5 29.
Rb1 Qxa4 30. Qxa4 bxa4 31. Ne3 Rb8 32. Rb5 Kf7 33. Kf1 Rc8 34. Nd5 Rc5 35. Rb6
Rc6 36. Rb5 g5 37. hxg5 Nxg5 38. Ra2 Ne6 39. Rxa4 Nc5 40. Raxa5 Rxa5 41. Rxa5
Nxd3 42. Ra8 Ra6 43. Rb8 Nc5 44. Rh8 Nxe4 45. Rxh5 Ra2 46. Rh7+ Kg6 47. Rxb7
Rxf2+ 48. Ke1 Rf3 49. Rb4 Nxc3 50. Nxc3 Rxc3 51. Rxg4+ Kf5 52. Rg7 d5 53. Kd2 d4
54. g4+ Ke4 55. g5 Rg3 56. g6 Rg2+ 57. Ke1 Kf5 58. Rf7+ Kxg6 59. Rf8 Ra2 60. Kd1
Kg5 61. Ke1 Kg4 62. Rf7 e4 63. Rf8 d3 64. Rf7 e3 65. Kf1 Ra1+ 66. Kg2 d2 0-1

[Event "World Rapid Women 2021"]
[Site "Warsaw POL"]
[Date "2021.12.28"]
[Round "10.17"]
[White "Efroimski, Marsel"]
[Black "Kashlinskaya, Alina"]
[Result "0-1"]
[WhiteTitle "IM"]
[BlackTitle "IM"]
[WhiteElo "2429"]
[BlackElo "2490"]
[WhiteFideId "2810964"]
[BlackFideId "4198026"]
[EventDate "2021.12.26"]

1. e4 e6 2. d4 d5 3. Nd2 c5 4. exd5 Qxd5 5. Ngf3 cxd4 6. Bc4 Qd6 7. O-O Nf6 8.
Nb3 Nc6 9. Nbxd4 Nxd4 10. Nxd4 Be7 11. c3 O-O 12. Qf3 Qc7 13. Bb3 a5 14. Re1 a4
15. Bc2 Ra5 16. Rb1 Rd8 17. Qe2 Bd7 18. Bd2 Rd5 19. Be3 e5 20. Nf5 Bxf5 21. Bxf5
e4 22. Bh3 Bc5 23. Bc1 Rd3 24. g3 Rf3 25. Be3 Bxe3 26. fxe3 Rd3 27. Rbd1 Rfxe3
28. Qxe3 Rxe3 29. Rxe3 Qb6 30. Rd4 g6 31. Re2 Kg7 32. a3 h5 33. Bg2 e3 34. Rb4
Qd6 35. Rd4 Qb6 36. Rb4 Qe6 37. Bxb7 Ng4 38. Bf3 Nf2 39. Rd4 Nh3+ 40. Kf1 Nf2
41. Bg2 Qf5 42. Kg1 Qb1+ 43. Bf1 Qc1 44. Kg2 Nd1 45. Rxd1 Qxd1 46. Rxe3 Qd5+ 47.
Kf2 Qc5 48. Kf3 Qc6+ 49. Kf2 Qb6 50. c4 Qxb2+ 51. Be2 Qd4 52. Kf3 g5 53. h3 g4+
54. hxg4 hxg4+ 55. Kf2 f5 56. Bd3 f4 57. gxf4 g3+ 58. Ke2 Qb2+ 59. Kd1 g2 60.
Rg3+ Kf8 61. Ke1 Qd4 62. Rxg2 Qxd3 63. c5 Qb1+ 64. Ke2 Qc2+ 65. Kf1 Qxc5 66. Rg3
Qc2 67. Rf3 Qf5 68. Kf2 Ke7 69. Kg3 Kd6 70. Re3 Qb1 71. Kg4 Qb3 72. Kf3 Kd5 73.
f5 Kd4 74. Rxb3 axb3 75. f6 b2 76. f7 b1=Q 0-1

[Event "World Rapid Women 2021"]
[Site "Warsaw POL"]
[Date "2021.12.28"]
[Round "10.18"]
[White "Berend, Elvira"]
[Black "Kurmangaliyeva, Liya"]
[Result "1-0"]
[WhiteTitle "WGM"]
[BlackTitle "FM"]
[WhiteElo "2329"]
[BlackElo "2195"]
[WhiteFideId "4000510"]
[BlackFideId "13725831"]
[EventDate "2021.12.26"]

1. d4 Nf6 2. Nf3 e6 3. Bg5 h6 4. Bxf6 Qxf6 5. e3 g6 6. Be2 Bg7 7. O-O O-O 8. c4
d6 9. Nc3 Qe7 10. e4 b6 11. Re1 Bb7 12. Bf1 Nd7 13. a4 a5 14. Rc1 Nb8 15. g3 Na6
16. Bg2 Rfd8 17. Qe2 Nb4 18. Red1 Re8 19. Qd2 Rad8 20. b3 Na6 21. Re1 e5 22. Nd5
Qd7 23. Rcd1 exd4 24. Nxd4 Nc5 25. Qc2 Kh8 26. h4 c6 27. Nf4 Be5 28. Nde2 Qe7
29. Nd3 Nxd3 30. Qxd3 Bc8 31. Qe3 Bg7 32. Qxb6 Bg4 33. Qxc6 Qe5 34. Qd5 Qb2 35.
Qd3 Rb8 36. Rb1 Qe5 37. Nf4 Qc5 38. Nd5 Bd4 39. Ne3 Bd7 40. Rbd1 Be5 41. f4 Bg7
42. Qxd6 Qxd6 43. Rxd6 Bc8 44. Rd3 Bf8 45. e5 Bc5 46. Kh2 Be6 47. Bc6 Rec8 48.
Bd5 Rd8 49. Red1 Bxe3 50. Rxe3 Kg7 51. Rd4 Rb4 52. Rdd3 Bf5 53. Rc3 h5 54. Kg2
Bb1 55. e6 fxe6 56. Rxe6 Rd7 57. Kf2 Ba2 58. Ree3 Kf6 59. Ke2 Rd8 60. Kd2 Bb1
61. Re6+ Kg7 62. Re7+ Kh6 63. Kc1 Bf5 64. Kb2 Rdb8 65. Ka3 1-0

[Event "World Rapid Women 2021"]
[Site "Warsaw POL"]
[Date "2021.12.28"]
[Round "10.19"]
[White "Padmini, Rout"]
[Black "Movsesian, Julia"]
[Result "1/2-1/2"]
[WhiteTitle "IM"]
[BlackTitle "WGM"]
[WhiteElo "2345"]
[BlackElo "2300"]
[WhiteFideId "5029295"]
[BlackFideId "4139690"]
[EventDate "2021.12.26"]

1. Nf3 d5 2. g3 c6 3. Bg2 Bg4 4. O-O Nd7 5. h3 Bh5 6. d3 e6 7. Nbd2 Bd6 8. e4
Ne7 9. b3 f6 10. Bb2 O-O 11. Qe1 Bf7 12. d4 Qc7 13. c4 Bb4 14. a3 dxe4 15. Qxe4
Bxd2 16. Nxd2 Rfe8 17. Nf3 b5 18. Bc1 bxc4 19. bxc4 Rad8 20. Bf4 Qa5 21. Bd6 Nb6
22. Bb4 Qf5 23. Qxf5 Nxf5 24. Rfc1 Nxd4 25. Nxd4 Rxd4 26. Bxc6 Rc8 27. Bb5 Nxc4
28. Ba6 Rc6 29. Bb5 Rc8 30. Ba6 Rc6 31. Bb5 1/2-1/2

[Event "World Rapid Women 2021"]
[Site "Warsaw POL"]
[Date "2021.12.28"]
[Round "10.20"]
[White "Smirnova, Ekaterina"]
[Black "Kovanova, Baira"]
[Result "0-1"]
[WhiteTitle "WIM"]
[BlackTitle "WGM"]
[WhiteElo "2196"]
[BlackElo "2331"]
[WhiteFideId "4110943"]
[BlackFideId "4164083"]
[EventDate "2021.12.26"]

1. d4 d5 2. c4 e6 3. Nc3 Nf6 4. cxd5 exd5 5. Bg5 c6 6. e3 h6 7. Bf4 Bf5 8. Bd3
Bxd3 9. Qxd3 Bd6 10. Bxd6 Qxd6 11. Nf3 Nbd7 12. O-O O-O 13. Rab1 a5 14. a3 Rfe8
15. Rfc1 Ne4 16. Ne2 Qf6 17. b4 axb4 18. axb4 Nd6 19. Nc3 b5 20. Nd2 Nc4 21. Nb3
Ra3 22. Qc2 Qe7 23. Nc5 Nxc5 24. dxc5 Nxe3 25. fxe3 Qxe3+ 26. Kh1 d4 27. Na2 d3
28. Qb2 d2 29. Rg1 Rea8 30. Ra1 Qe2 31. h3 d1=Q 0-1

[Event "World Rapid Women 2021"]
[Site "Warsaw POL"]
[Date "2021.12.28"]
[Round "10.21"]
[White "Bivol, Alina"]
[Black "Kiolbasa, Oliwia"]
[Result "0-1"]
[WhiteTitle "IM"]
[BlackTitle "WIM"]
[WhiteElo "2368"]
[BlackElo "2399"]
[WhiteFideId "4100123"]
[BlackFideId "1154613"]
[EventDate "2021.12.26"]

1. e4 e5 2. Nf3 Nc6 3. Bb5 a6 4. Ba4 Nf6 5. O-O Be7 6. d3 b5 7. Bb3 O-O 8. c3 d6
9. a4 Bd7 10. axb5 axb5 11. Rxa8 Qxa8 12. Bg5 Na5 13. Bc2 c5 14. d4 Bg4 15. h3
Bxf3 16. Qxf3 h6 17. dxe5 dxe5 18. Bc1 Nc4 19. b3 Nd6 20. Nd2 Re8 21. Re1 Bd8
22. Nf1 Qa2 23. Qd1 Bc7 24. Re2 Rd8 25. Qe1 Qa1 26. f4 Nc8 27. Ne3 exf4 28. Nd5
Be5 29. Nxf4 Bxc3 30. Qf1 Be5 31. Nd5 Nh5 32. Rd2 Bd4+ 33. Kh2 Be5+ 34. Kg1 Ng3
35. Qe1 Re8 36. Rd1 Qa7 37. Be3 Nd6 38. Bf2 Nh5 39. b4 Qa2 40. Bb1 Qa4 41. bxc5
Nc4 42. c6 Nf4 43. Ne3 Qb3 44. Nf5 Nb2 45. Rd7 Nbd3 46. Bxd3 Nxd3 47. Qf1 0-1